Statistiken für Alle Gegner der DFB-Nationalelf 2022

Klicken Sie hier um das Quiz zu spielen!

Allgemein

  • Dieses Quiz wurde 109 mal gespielt
  • Das Durchschnittsergebnis liegt bei 6 aus 9

Antwortstatistiken

Antwort% Korrekt
Spanien
98%
Japan
93%
Costa Rica
84%
England
83%
Italien
83%
Niederlande
73%
Ungarn
63%
Oman
53%
Israel
12%

Verteilung der Resultate

Perzentil nach korrekt beantworteten Fragen

Anzahl Personen mit jedem Resultat

Ihre Resultats-Entwicklung

Sie haben dieses Quiz noch nicht gespielt